000 00296nam a22001337a 4500
008 170403b xxu||||| |||| 00| 0 eng d
020 _a9780590054881
041 _aeng
080 _a574
100 _a9
101 _aSHM
245 _aFIRSTFIELD GUIDE WEATHER
_cKAHL, J.D.W
942 _2udc
_cBK
999 _c9508
_d9508